LIBRARY & INFORMATION CENTRE, KCAET, TAVANUR

ONLINE PUBLIC ACCESS CATALOGUE (OPAC)

Automobile electrical and electronic equipment / (Record no. 9813)

MARC details
000 -LEADER
fixed length control field 00502cam a2200193ua 4500
020 ## - INTERNATIONAL STANDARD BOOK NUMBER
ISBN 0-408-00527-0
041 ## - LANGUAGE CODE
Language code of text/sound track or separate title eng
082 ## - DEWEY DECIMAL CLASSIFICATION NUMBER
Classification number 629.2228
Item number YOU/AU
100 ## - MAIN ENTRY--AUTHOR NAME
Personal name Young, A P .
245 ## - TITLE STATEMENT
Title Automobile electrical and electronic equipment /
250 ## - EDITION STATEMENT
Edition statement 9 /
260 ## - PUBLICATION, DISTRIBUTION, ETC. (IMPRINT)
Place of publication London :
Name of publisher English Language Book Society ,
Year of publication 1980.
300 ## - PHYSICAL DESCRIPTION
Number of Pages 458 ; .
700 1# - ADDED ENTRY--PERSONAL NAME
Personal name Griffiths, L .
942 ## - ADDED ENTRY ELEMENTS (KOHA)
Koha item type Books
Holdings
Withdrawn status Lost status Damaged status Home library Current library Date acquired Full call number Accession Number Koha item type
      KAUAET KAUAET 27/03/1987 629.2228 YOU/AU 16249 Books
      KAUAET KAUAET 20/08/1986 629.2228 YOU/AU 15465 Books
free website counter